Common wealth : (Record no. 588462)

000 -LEADER
fixed length control field 00399nam a22001337a 4500
020 ## - INTERNATIONAL STANDARD BOOK NUMBER
International Standard Book Number 9780141026152
082 ## - DEWEY DECIMAL CLASSIFICATION NUMBER
Classification number 338.9
Author Mark SAC
100 ## - MAIN ENTRY--PERSONAL NAME
Personal name Sachs, Jeffrey
245 ## - TITLE STATEMENT
Title Common wealth :
Remainder of title economics for a crowded planet /
Statement of responsibility, etc. Jeffrey Sachs
260 ## - PUBLICATION, DISTRIBUTION, ETC.
Place of publication, distribution, etc. United Kingdom :
Name of publisher, distributor, etc. Penguin Books,
Date of publication, distribution, etc. 2008.
300 ## - PHYSICAL DESCRIPTION
Extent 386p. ;
Dimensions 20 cm.
942 ## - ADDED ENTRY ELEMENTS (KOHA)
Source of classification or shelving scheme
Koha item type Book
Holdings
Withdrawn status Lost status Source of classification or shelving scheme Damaged status Not for loan Permanent Location Current Location Shelving location Date acquired Source of acquisition Total Checkouts Total Renewals Full call number Barcode Checked out Date last seen Date last checked out Price effective from Koha item type
          NUST Law School (NLS) NUST Law School (NLS) Economics 03/01/2022 Allied Book Company 2 3 338.9 SAC CL-999 06/16/2024 05/17/2024 05/17/2024 03/01/2022 Book
© 2023 Central Library, National University of Sciences and Technology. All Rights Reserved.